00460nam a2200181 a 4500001001300000003000900013005001700022008004100039020000900080082001900089100001700108245003600125260003600161300000900197500003500206505001700241650002000258nice12345678IN_TiNIC20260116012811.0050524s1986 dela grp 000 0 eng  ac9500a305.6297bBAR1 aBartold, V V aCultural History of the Muslims aDelhibMittal Publicationc1986 a146p aincludes index and biblioraphy2 aBibliography aIslamic-Culture